000 00936nam a22002777a 4500
001 7562
003 FISKH
005 20250724101536.0
008 250724b cb ||||| |||| 00| 0 eng d
020 _a9780603566905
040 _aFISKH
_beng
_cFISKH
_dFISKH
050 _aPZ7
082 _a793.73
100 _aAnonymous
245 _aBumper treasury :
_bPacked full of stories, games, puzzles and activities ! /
260 _aLondon :
_bEgmont,
_c2012.
300 _a209 pages :
_bcolor illustrations ;
_c30 cm
490 _aThomas & friends :
505 _aR
520 _aThe Bumper treasury is full of engine fun! With stories to read, puzzles to solve and lots of activities, this book is perfect for thomas fans. A must for all Thomas fans. Hours of Thomas fun.
521 8 _a660
_bLexile estimate
521 8 _aR
_bRaz-Plus
650 _aThomas
_xAdventure
942 _2ddc
_cBK
_n0
999 _c7562
_d7562